000 00733nam a2200229 i 4500
001 bg
100 1 _aORŻEWSKI, Wojciech
245 1 0 _aZnak towarowy :
_bpraktyczny poradnik dla przedsiębiorcy /
_cWojciech Orżewski.
260 _aGdańsk :
_bOśrodek Doradztwa i Doskonalenia Kadr,
_c2005.
300 _a184 s. ;
_c24 cm.
504 _aBibliogr. s. 117-118.
650 9 _aZnaki towarowe
655 _aPoradniki
020 _a8374261935
040 _cBPK
041 0 _apol
080 _a347.77:339.166.5:003.6](083.1)
920 _a83-7426-193-5
942 _cKS
008 s pl f |000 0 pol
999 _c52230
_d52230
856 _uhttp://koha.tu.koszalin.pl/cgi-bin/koha/opac-detail.pl?biblionumber=52230
_yKatalog online BPK